01061nam a22002177a 450000500170000001000150001702000260003203500140005803700130007208200130008510000210009824500670011926000440018627000800023030000360031050000670034650502520041365000570066565000520072265000690077420150813114022.0 aENG-113548 c599.00a9789350096352 aEN- 97080 bDBAD/PUB a331.4117 aBahadur, Gaiutra aCoolie woman :cby Gaiutra Bahadurbthe odyssey of indenture / aGurgaonbHachette Book Publishingc2013 a4th & 5th Floors, Corporate Center, Plot No. 94, Sector 44bGurgaone122003 axxi,274p. :c23cm(Hb)bill.,map aIncludes bibliographical references (pages 255-263) and index. a The magician’s box -- Ancestral memory -- The women’s quarters -- Into dark waters -- Her middle passage -- A new world -- Beautiful woman without a nose -- Gone but not forgotten -- The dream of return -- Every ancestor -- Surviving history. aIndentured servantszGuyana xHistoryy20th century. a Women slaves zGuyana xHistoryy20th century. a Women, East Indian z Guyana xSocial conditionsy20th century.